| 000 | 01007nam a2200265Ia 4500 | ||
|---|---|---|---|
| 003 | OSt | ||
| 005 | 20221005104715.0 | ||
| 006 | a|||||r|||| 00| 0 | ||
| 007 | ta | ||
| 008 | 221004b |||||||| |||| 00| 0 hin d | ||
| 020 |
_a9788192460871 (hbk) _c395 |
||
| 024 | _a21125 | ||
| 037 |
_b24018, 27/03/2015, Kitab Ghar _cTextual |
||
| 040 |
_aCRL _cCRL _bhin |
||
| 041 |
_2hin _ahin |
||
| 082 | _aW,8:(T4:5,1), 152Q3 | ||
| 100 | _aअग्रवाल, विजय | ||
| 245 | 0 |
_aसिविल सेवा परीक्षा _b सफलता के सोपान |
|
| 246 | _aSivil sevā parīkṣhā: safalatā ke sopāna | ||
| 260 |
_aदिल्ली _bविश्व प्रकाशन संस्थान भारत _c2013 |
||
| 300 |
_a208पृ0 _ccm. |
||
| 650 | _aभारतीय राजनीति | ||
| 942 |
_hW,8:(T4:5,1), 152Q3 _cTEXL _2cc |
||
| 999 |
_c1013556 _d1013556 |
||